Estatísticas para Cultura Geral

Clique aqui para jogar o quiz

Estatísticas Gerais

  • Esse quiz foi jogado 18 vezes
  • A pontuação média é 9 de 15

Estatísticas das Respostas

HintResposta% Correto
Que nome damos á morte causada pela própria pessoa devido a fatores psicológicos ou físicos?Suicídio
94%
Que nome damos à sensação intensa de preocupação pelo futuro ou pela incerteza?Ansiedade
88%
Que nome damos ao estádio de desenvolvimento humano entre o nascimento e a puberdade?Infância
88%
Que nome damos ao momento de maior prazer sexual?Orgasmo
88%
Que nome damos à instituição ou lugar onde se guardam livros?Biblioteca
75%
Que nome damos a um jurista que auxilia clientes e os representa num tribunal de justiça?Advogado
69%
Que nome damos à capacidade cerebral de armazenar e acessar informações?Memória
69%
Que nome damos a uma pessoa que escreve poesia?Poeta
69%
Que nome damos ao período em que ocorrem mudanças biológicas e fisiológicas?Puberdade
69%
Que coordenada cartográfica fica situada entre o norte e o oeste?Noroeste
56%
Em que país podemos encontrar o rio Willamette?Estados Unidos
50%
Que nome damos ao estudo e diagnóstico de uma doença?Patologia
38%
Em que país podemos encontrar um museu chamado Tate?Reino Unido
31%
Que nome damos à terapia aplicada para tratar problemas psicológicos?Psicoterapia
19%
Que nome damos á perturbação da mente que faz o indíviduo perder contato com a realidade através de delírios e alucinações?Psicose
13%

Distribuição das Pontuações

Percentil de Números Respondidos

Porcentagem de Pessoas com Cada Pontuação

Sua Pontuação Histórica

Você não jogou esse quiz